[Event "23rd ETCC Open 2021"]
[Site "Catez"]
[Date "2021.11.12"]
[Round "1.19"]
[White "Hauge, Lars Oskar"]
[Black "Howell, David W L"]
[Result "1-0"]
[WhiteElo "2490"]
[BlackElo "2648"]
[Annotator "TA"]
[PlyCount "127"]
[EventDate "2021.11.08"]
[EventType "team-tourn"]
[EventCountry "SLO"]
[SourceTitle "playchess.com"]
[Source "ChessBase"]
[SourceQuality "1"]
[WhiteTeam "Norway"]
[BlackTeam "England"]
[WhiteTeamCountry "NOR"]
[BlackTeamCountry "ENG"]

{[%evp 9,127,12,0,-24,6,2,2,-4,3,0,0,-12,0,0,6,-8,0,0,0,0,13,10,12,11,39,41,25,
31,57,50,60,51,59,41,89,0,0,0,42,35,33,15,30,-27,65,0,0,3,0,0,0,0,0,0,0,0,0,0,
116,104,222,263,259,235,215,-22,477,464,564,541,516,507,664,643,642,579,687,
673,2029,1919,1848,1754,1756,1755,1641,1630,1538,1300,2052,1150,1112,1092,1468,
1266,12837,12838,12837,12837,12838,12838,12838,2243,12841,12842,12842,2630,
12843,12843,12844,12844,12845,12845,12845,6540,12846,12847,12847,12847,12849,
12849]} 1. e4 c6 2. d4 d5 3. e5 Bf5 4. g4 Be4 5. f3 Bg6 6. e6 {B12: Caro-Kann:
Advance Variation.} Qd6 7. exf7+ $1 Bxf7 8. Nc3 {The position is equal.} Nd7 {
[#]} 9. f4 $146 ({Predecessor:} 9. Be3 O-O-O 10. Qd2 g6 11. O-O-O Bg7 12. Bh3
Kb8 13. Qf2 Nb6 14. Bf1 Ka8 15. Nh3 {1-0 (29) Dudin,D (2165)-Mukhina,M (1861)
Saratov 2008}) 9... e6 10. Be3 h5 11. g5 Ne7 12. Qd2 Qc7 13. O-O-O Bg6 14. Nf3
Nf5 15. Bd3 Bb4 16. a3 Bxc3 (16... Ba5 {looks sharper.} 17. Rhe1 O-O 18. b4 Bb6
19. Na4 Qb8) 17. Qxc3 O-O 18. Bd2 b6 19. Rde1 Rfe8 20. Re2 Qd6 21. Rhe1 a5 22.
Ne5 (22. a4 $16) 22... Nxe5 $11 23. Rxe5 Kf7 24. Qb3 Rab8 25. c3 c5 {White
must now prevent ...c4.} 26. Qa4 (26. Qd1 $142) 26... Re7 (26... cxd4 $11 27.
Kb1 (27. cxd4 Nh4 $15) 27... b5 28. Qxa5 Ra8) 27. dxc5 (27. c4 $14 dxc4 28.
Qxc4) 27... bxc5 {[%cal Bb6c5,Bc5c4][%mdl 32]} 28. Qxa5 c4 29. Bxf5 Bxf5 30.
Be3 $1 {[%cal Re3c5] Hoping for Bc5.} Reb7 31. Re2 Kg6 32. Bd4 Rc8 33. Qa4 h4 {
[#]} (33... Kh7 $11 {keeps the balance.}) 34. Qd1 $1 $16 Ra8 (34... h3 $16 {
is a better defense.}) 35. Qe1 $18 Ra6 36. Qxh4 Qf8 37. Qe1 $2 {[#]} ({White
should try} 37. Qg3 $18) 37... Kh7 $2 {[%mdl 8192] Loses the game.} (37... Rxa3
$1 $11 {and Black is okay.} 38. bxa3 (38. Rxe6+ Kh5 $17) 38... Rb1+ 39. Kd2
Rxe1 40. Kxe1 Qxa3) 38. g6+ {White is clearly winning.} Bxg6 39. Qh4+ Kg8 40.
Rg5 ({And not} 40. Rxe6 Rxe6 41. Rxe6 Qf5 $11) 40... Rxa3 {Threatens to win
with ...Ra1+.} 41. Rxg6 Ra1+ 42. Kd2 Qf5 {[%csl Gc4][%cal Rf5d3]} 43. Qd8+ Kh7
{[%csl Gc4][%cal Rf5d3] [#]} 44. Rh6+ $3 {[%mdl 512]} gxh6 45. Qh8+ Kg6 46.
Rg2+ Kh5 47. Rg5+ $1 Qxg5 48. fxg5 Rxb2+ 49. Ke3 {Threatening mate with Kf3.}
Kg4 50. h3+ $1 {[%mdl 64] Decoy} Kxh3 51. Qxh6+ {[%mdl 64] Double Attack} Kg2
52. Qh4 Rf1 53. Qg4+ {[%mdl 64] Double Attack} Kh1 54. Qh3+ {[%mdl 64] Double
Attack} Kg1 55. Qxe6 (55. g6 $142 Rbf2 56. Qg4+ Rg2 57. Qxe6) 55... Rff2 56.
Qg4+ Kf1 57. Qd1+ Kg2 58. g6 Rb8 59. Qg4+ Kf1 60. Qh3+ Ke1 61. Qh1+ Rf1 62. Qh2
{[%csl Ge3][%cal Rh2e2]} Re8+ 63. Be5 {[%csl Ge3][%cal Rh2e2]} d4+ 64. cxd4 {
[%csl Ge3][%cal Rh2e2] Weighted Error Value: White=0.20/Black=0.41} 1-0

[Event "23rd ETCC Open 2021"]
[Site "Catez"]
[Date "2021.11.12"]
[Round "1.20"]
[White "Haria, Ravi"]
[Black "Notkevich, Benjamin Arvola"]
[Result "1/2-1/2"]
[WhiteElo "2497"]
[BlackElo "2471"]
[Annotator "ChessBase"]
[PlyCount "131"]
[EventDate "2021.11.08"]
[EventType "team-tourn"]
[EventCountry "SLO"]
[SourceTitle "playchess.com"]
[Source "ChessBase"]
[SourceQuality "1"]
[WhiteTeam "England"]
[BlackTeam "Norway"]
[WhiteTeamCountry "ENG"]
[BlackTeamCountry "NOR"]
[TimeControl "40/5400+30:1800+30"]

1. e4 c5 2. Nf3 e6 3. g3 Nc6 4. Bg2 Nf6 5. Nc3 d5 6. exd5 exd5 7. d4 Bg4 8. h3
Bxf3 9. Qxf3 cxd4 10. Nxd5 Nxd5 11. Qxd5 Bb4+ 12. Bd2 Qb6 13. Qe4+ Be7 14. O-O
O-O 15. Rab1 Rac8 16. b4 Bf6 17. Rfe1 Rfd8 18. a4 Ne5 19. a5 Qb5 20. Qf5 d3 21.
c3 a6 22. Be4 h6 23. Re3 Kf8 24. Qh7 g6 25. Ree1 Bg7 26. Bxh6 Bxh6 27. Qxh6+
Kg8 28. Qd2 Nc4 29. Qf4 Nd6 30. Qd2 Nc4 31. Qf4 Rd7 32. Red1 d2 33. Bg2 Qe5 34.
Qg4 Rcc7 35. Bf1 Qxc3 36. Bxc4 Qxc4 37. Qxc4 Rxc4 38. Kf1 Rd5 39. Rb2 Kg7 40.
Ke2 Re4+ 41. Kf3 f5 42. Rdxd2 Rxd2 43. Rxd2 Rxb4 44. h4 Kf7 45. Rd7+ Ke6 46.
Rg7 Kf6 47. Rd7 Ke5 48. Re7+ Kf6 49. Rd7 g5 50. hxg5+ Kxg5 51. Rg7+ Kf6 52. Rc7
Ke6 53. Rc5 Kf6 54. Ke3 Kg5 55. f3 Kf6 56. Rd5 Ke6 57. Rc5 Ra4 58. Rc7 Rb4 59.
Rc5 Ra4 60. Rc7 Rxa5 61. Rxb7 Ra4 62. Rb8 Kf6 63. Rf8+ Ke6 64. Re8+ Kf6 65.
Rf8+ Ke6 66. Re8+ 1/2-1/2

[Event "23rd ETCC Open 2021"]
[Site "Catez"]
[Date "2021.11.12"]
[Round "1.21"]
[White "Giri, Anish"]
[Black "Jobava, Baadur"]
[Result "1-0"]
[WhiteElo "2774"]
[BlackElo "2582"]
[Annotator "TA"]
[PlyCount "61"]
[EventDate "2021.11.08"]
[EventType "team-tourn"]
[EventCountry "SLO"]
[SourceTitle "playchess.com"]
[Source "ChessBase"]
[SourceQuality "1"]
[WhiteTeam "Netherlands"]
[BlackTeam "Georgia"]
[WhiteTeamCountry "NED"]
[BlackTeamCountry "GEO"]

{[%evp 13,61,20,33,4,82,40,42,37,95,77,64,60,115,100,110,58,127,118,120,109,
126,91,93,114,114,93,138,115,134,129,175,162,168,181,227,230,286,208,757,756,
751,702,691,512,1645,1621,2494,2378,1969,1816]} 1. e4 c6 2. d4 d5 3. e5 Bf5 4.
Nf3 e6 5. Be2 c5 6. Be3 cxd4 7. Nxd4 Ne7 8. O-O {next g4 is good for White.
B12: Caro-Kann: Advance Variation.} Nd7 (8... Nbc6 $11 {keeps the balance.}) 9.
g4 Bg6 10. f4 {[#] White is slightly better.} Nc6 $146 (10... h5 $1 $14) ({
Predecessor:} 10... Be4 11. Nd2 g6 12. Nxe4 dxe4 13. c4 Nc6 14. Nxc6 bxc6 15.
Qa4 Qc7 16. Rad1 Bc5 17. Bxc5 Nxc5 {1-0 (36) Bryant,R (1947)-French,M (1790)
Coventry 2015}) 11. Nxc6 bxc6 12. f5 Qb8 13. fxg6 $16 hxg6 14. Bf4 (14. Kg2 $16
) 14... Bc5+ {[#]} (14... Nxe5 $14 15. Qd4 Bd6) 15. Kg2 $1 Nxe5 16. Nc3 g5 {[#]
} 17. Bg3 f6 18. Na4 Bd6 19. c4 Ke7 20. Qc2 Rh6 21. Rac1 Qh8 22. cxd5 cxd5 {
[#] Black wants to play ...Nc4.} 23. Rf3 $1 {[%mdl 512]} Rd8 (23... Kf7 24. Rb3
) 24. Rb3 {Hoping for Nc5.} Rd7 {intending ...Nd3.} 25. Qc8 Qh7 $2 (25... Nf7)
26. Nc5 $18 {White is clearly winning.} Bxc5 27. Qxc5+ Kf7 28. Qc8 Qe4+ (28...
Qh8 $142 29. Qa6 Qh7) 29. Bf3 Qd4 30. Bxe5 Qd2+ 31. Kg1 {Weighted Error Value:
White=0.21/Black=0.34} 1-0

[Event "23rd ETCC Open 2021"]
[Site "Catez"]
[Date "2021.11.12"]
[Round "1.22"]
[White "Sanikidze, Tornike"]
[Black "Van Foreest, Jorden"]
[Result "0-1"]
[WhiteElo "2458"]
[BlackElo "2701"]
[Annotator "TA"]
[PlyCount "114"]
[EventDate "2021.11.08"]
[EventType "team-tourn"]
[EventCountry "SLO"]
[SourceTitle "playchess.com"]
[Source "ChessBase"]
[SourceQuality "1"]
[WhiteTeam "Georgia"]
[BlackTeam "Netherlands"]
[WhiteTeamCountry "GEO"]
[BlackTeamCountry "NED"]

{[%evp 10,114,14,0,0,-4,0,0,0,-7,0,0,-14,-12,-10,-32,-25,-31,-36,-37,-27,-41,
-27,-34,0,0,0,-35,-47,-52,-52,-59,-50,-74,-50,-52,-52,-52,-52,-52,-52,-52,-52,
-52,-52,-52,-52,-52,-52,-52,-52,-52,-52,-53,-53,-53,-54,-58,0,0,0,0,0,-114,-99,
-121,-121,-337,-296,-517,-490,-798,-789,-761,-702,-789,-602,-744,-686,-618,
-442,-560,-560,-1003,-560,-564,-465,-520,-475,-564,-533,-523,-435,-1749,-1656,
-29970,-29971,-29971,-29972,-29976,-29978,-29977,-29977,-29980,-29981,-29982,
-29982]} 1. d4 Nf6 2. c4 e6 3. Nf3 Bb4+ 4. Bd2 a5 5. Nc3 b6 6. g3 Ba6 {E11:
Bogo-Indian.} 7. b3 O-O 8. Bg2 c6 {The position is equal.} 9. a3 Be7 {[#]} 10.
Bf4 $146 ({Predecessor:} 10. O-O d5 11. cxd5 cxd5 12. a4 Nc6 13. Re1 Rc8 14.
Rc1 Ba3 15. Ra1 Qe7 16. Qb1 {0-1 (36) Gleizerov,E (2492)-Gareyev,T (2579)
Kazan 2018}) 10... d5 11. Ne5 Nfd7 12. Nxd7 Nxd7 13. O-O Rc8 14. cxd5 cxd5 15.
Qd2 g5 16. Be3 f5 17. Rfc1 h6 18. f3 (18. h4 $5) 18... Bd6 19. Bf2 Qe7 20. Qb2
Nf6 21. Bf1 Rc7 22. e3 Bxf1 23. Kxf1 g4 24. f4 Qd7 25. a4 Rfc8 26. Nb5 Rc6 27.
Be1 Ne4 28. Rab1 $1 Bb4 29. Rxc6 $1 Rxc6 30. Rc1 $1 h5 31. Rxc6 Qxc6 32. Na7
Qd7 (32... Qb7 {seems wilder.} 33. Nb5 Bd6 34. Nc3 Nf6 35. Nb5 Be7) 33. Nb5 h4
(33... Qc8 $15) 34. gxh4 $11 Bxe1 (34... Qc8 {with more complications.} 35. Na7
Qc7 36. Nb5 Qc6 37. Na7 Qb7) 35. Kxe1 Qg7 36. Qg2 (36. Kd1 $11) 36... Kh7 $1
$17 {[%mdl 1024] Black has strong compensation.} 37. Kd1 Kh6 38. Kc1 $2 {
This move loses the game for White.} (38. Qa2 $17) 38... Kh5 $1 $19 39. Kb2 $2
(39. Kd1 {only move.} Kxh4 40. Ke1) 39... Qe7 40. Nc3 {[#]} (40. Qe2 $142 Qxh4
41. Qc2) 40... Nxc3 $1 41. Kxc3 {[%mdl 4096] Endgame [#] KQ-KQ} Qb4+ $1 42. Kc2
Qa3 {( -> ...Qa2+)} 43. Qg3 {If White can now play Qg1 this consolidates a bit.
} Qa2+ 44. Kc3 Qe2 45. Qg1 Kxh4 46. Qg3+ Kh5 47. Qg1 {If only White now had
time for Qg3....} Qa2 48. Qg3 {and the idea Qg1 leaves White hopeful.} Qb1 49.
Qf2 Qa1+ 50. Kd3 Qc1 51. Qe2 (51. Ke2 $142 Qb1 52. Qg3) 51... Qg1 52. h3 Kh4 {
Black mates.} 53. hxg4 fxg4 54. e4 g3 55. exd5 g2 56. dxe6 Qb1+ {[%mdl 64]
Double Attack} 57. Kc4 g1=Q {Weighted Error Value: White=0.48/Black=0.13} 0-1

[Event "23rd ETCC Open 2021"]
[Site "Catez"]
[Date "2021.11.12"]
[Round "1.23"]
[White "Warmerdam, Max"]
[Black "Paichadze, Luka"]
[Result "0-1"]
[WhiteElo "2608"]
[BlackElo "2551"]
[Annotator "TA"]
[PlyCount "80"]
[EventDate "2021.11.08"]
[EventType "team-tourn"]
[EventCountry "SLO"]
[SourceTitle "playchess.com"]
[Source "ChessBase"]
[SourceQuality "1"]
[WhiteTeam "Netherlands"]
[BlackTeam "Georgia"]
[WhiteTeamCountry "NED"]
[BlackTeamCountry "GEO"]

{[%evp 9,80,11,62,42,34,21,20,1,0,-24,20,22,21,21,25,21,44,27,35,40,39,17,17,
17,32,9,56,55,57,55,52,41,52,49,61,67,58,60,75,34,107,113,107,106,125,105,115,
0,0,-209,-153,-394,-396,-387,-385,-722,-718,-984,-979,-1141,-1146,-1111,-663,
-1048,-1062,-5021,-1047,-29991,-4790,-29992,-2725,-29964,-29964]} 1. e4 c6 2.
Nf3 d5 3. Nc3 g6 4. d4 Bg7 5. e5 Nh6 ({Black should play} 5... Bg4 $11) 6. h3 {
B15: Caro-Kann: 3 Nc3: 3...g6 and 3...dxe4 4 Nxe4 Nf6 5 Nxf6+ exf6.} O-O 7. Bd3
f6 8. Bf4 {The position is equal.} Nf7 9. exf6 exf6 10. O-O Re8 11. Qd2 Nd7 12.
Rae1 Nf8 13. Rxe8 Qxe8 14. Re1 Be6 {[#]} 15. Ne2 $146 ({Predecessor:} 15. Na4
b6 16. b3 Qd7 17. Nb2 Re8 18. a4 Nd6 19. a5 Bf7 20. Rxe8 Bxe8 21. axb6 axb6 {
0-1 (52) Muha,M (2365)-Pavasovic,D (2540) Slovenia 2018}) 15... Qd7 16. Ng3 b6
17. b3 c5 18. dxc5 bxc5 19. Qa5 Qc6 20. a4 f5 21. h4 c4 22. Bf1 cxb3 23. cxb3
d4 24. Bb5 Qc3 (24... Qb7 $14) 25. b4 $1 $16 d3 26. Bd2 Qb3 27. Qa6 Bd5 28.
Bxd3 (28. Nf1 $16) 28... Rd8 $11 {White must now prevent ...Rd6.} 29. Rb1 $2 (
29. Qb5 $1 $11 {and White has nothing to worry.}) 29... Qa2 $19 30. Bg5 $2 {
[#] Now White is beyond hope.} (30. Bf4 $17) 30... Rd6 $1 {[%cal Rd6a6]} 31.
Qb5 a6 32. Qe8 (32. Qc5 Bxf3 {[%mdl 64] Discovered Attack} 33. Qc2) 32... Bxf3
{[%mdl 64] Discovered Attack} 33. gxf3 Rxd3 34. Re1 Nxg5 35. hxg5 Rxf3 36. Re2
Qd5 37. Re7 Rd3 38. Ne2 Rd1+ 39. Kh2 {[#]} f4 (39... Be5+ $142 $1 {[%mdl 512]}
40. Rxe5 Qf3 41. Ng1 Qxf2+ {[%mdl 64] Double Attack} 42. Kh3 Rxg1 43. Qf7+ {
[%mdl 64] Decoy} Kxf7 44. Rxf5+ gxf5 45. g6+ hxg6 46. b5 Rh1#) 40. f3 Rd2 {
Weighted Error Value: White=1.18/Black=0.50} 0-1

[Event "23rd ETCC Open 2021"]
[Site "Catez"]
[Date "2021.11.12"]
[Round "1.24"]
[White "Pantsulaia, Levan"]
[Black "Van den Doel, Erik"]
[Result "1-0"]
[WhiteElo "2571"]
[BlackElo "2594"]
[Annotator "ChessBase"]
[PlyCount "97"]
[EventDate "2021.11.08"]
[EventType "team-tourn"]
[EventCountry "SLO"]
[SourceTitle "playchess.com"]
[Source "ChessBase"]
[SourceQuality "1"]
[WhiteTeam "Georgia"]
[BlackTeam "Netherlands"]
[WhiteTeamCountry "GEO"]
[BlackTeamCountry "NED"]
[TimeControl "40/5400+30:1800+30"]

1. Nf3 d5 2. c4 c6 3. g3 Bg4 4. Bg2 e6 5. O-O Nf6 6. d3 Nbd7 7. cxd5 exd5 8. h3
Bh5 9. Nc3 Be7 10. Nh4 O-O 11. g4 Bg6 12. e4 dxe4 13. Nxg6 hxg6 14. dxe4 Nc5
15. Be3 Nfd7 16. Qe2 Ne6 17. Rad1 Qc7 18. f4 g5 19. fxg5 Rad8 20. Kh1 Bxg5 21.
Bxg5 Nxg5 22. Qe3 Ne6 23. Qxa7 Ndc5 24. Rxd8 Rxd8 25. b4 Rd2 26. Nb1 Re2 27.
Qa8+ Kh7 28. Qa3 Na6 29. Qb3 Qe5 30. a3 Nf4 31. Qxf7 Nxg2 32. Rf5 Re1+ 33. Kxg2
Qxe4+ 34. Kg3 Qd3+ 35. Kh4 Qd8+ 36. Kh5 Qd6 37. g5 Rg1 38. Nd2 Qg3 39. Qg6+ Kg8
40. Qe6+ Kh7 41. Re5 Qd3 42. Re4 Rxg5+ 43. Kxg5 Qxd2+ 44. Kh5 Qg2 45. Qg4 g6+
46. Kg5 Qd2+ 47. Kf6 Qf2+ 48. Rf4 Qb2+ 49. Rd4 1-0

[Event "23rd ETCC Open 2021"]
[Site "Catez"]
[Date "2021.11.12"]
[Round "1.25"]
[White "Bogner, Sebastian"]
[Black "Korobov, Anton"]
[Result "0-1"]
[WhiteElo "2574"]
[BlackElo "2684"]
[Annotator "TA"]
[PlyCount "90"]
[EventDate "2021.11.08"]
[EventType "team-tourn"]
[EventCountry "SLO"]
[SourceTitle "playchess.com"]
[Source "ChessBase"]
[SourceQuality "1"]
[WhiteTeam "Switzerland"]
[BlackTeam "Ukraine"]
[WhiteTeamCountry "SUI"]
[BlackTeamCountry "UKR"]

{[%evp 9,90,21,10,25,10,8,17,-2,1,-10,-2,-11,-6,-48,4,-47,-27,-60,10,0,10,-50,
-47,-137,-143,-146,-147,-139,-140,-146,-132,-156,-152,-151,-155,-151,-152,-180,
-171,-133,-86,-106,-89,-111,-64,-66,-66,-79,-60,-53,-60,-70,-33,-54,-26,-28,
-39,-29,-39,-29,-33,-101,-64,-64,-66,-169,-169,-97,-26,-239,-211,-431,-438,
-424,-417,-452,-367,-540,-529,-684,-682,-1184,-1089]} 1. e4 c5 2. Nf3 d6 3.
Bb5+ Nd7 {[%cal Bb8d7,Bd7c5,Bc5d3][%mdl 32]} 4. d4 cxd4 5. Nxd4 Ngf6 6. Bd3 {
B51: Sicilian: Moscow Variation (3 Bb5+) without 3...Bd7.} Nc5 7. Nc3 {[#]} g6
$146 ({Predecessor:} 7... a6 8. O-O g6 9. Nb3 Nxd3 10. cxd3 Bg7 11. a4 Bg4 12.
f3 Qb6+ 13. d4 Be6 {1/2-1/2 (32) Tari,A (2625)-Duda,J (2743) Wijk aan Zee 2021}
) 8. Nb3 {The position is equal.} Nxd3+ 9. Qxd3 Bg7 10. Bg5 O-O 11. O-O-O Be6 (
{Better is} 11... Ng4 $15 12. Bh4 Ne5) 12. f4 (12. Nd4 $11) 12... Rc8 13. Rhe1
Rxc3 14. Qxc3 $11 {aiming for Bxf6.} Nxe4 15. Qe3 (15. Qa5 $11 Qxa5 16. Nxa5
Nxg5 17. fxg5) 15... d5 $15 16. Qxa7 (16. Nd4 $15) 16... Qc7 $17 {And now ...
Rc8 would win.} 17. Rxe4 dxe4 18. Qc5 {[#]} Qb8 {Threatens to win with ...f6.}
19. Qe3 Rc8 20. Rd2 Qa8 21. Kb1 Qa6 22. a3 Qf1+ 23. Nc1 {[#]} Qb5 $1 {[%csl
Gg7][%cal Rb5b2]} 24. Nb3 f6 25. Bh4 Qc4 26. Nc1 h6 27. Bf2 f5 28. Qb6 g5 29.
g3 Qa6 30. Qxa6 bxa6 31. Ne2 Kf7 32. b3 gxf4 33. gxf4 Bf6 34. c4 Rg8 35. Ng3 (
35. Be3 $15) 35... Bc8 36. Be3 e5 37. Rd5 (37. Kc2 $15) 37... exf4 $19 38. Bxf4
Bg5 (38... Rg4 $17 39. Bxh6 Be6) 39. Bc1 {Now White is beyond hope.} (39. Bxg5
$11 {and White has nothing to worry.} Rxg5 40. Rc5) 39... e3 40. Kc2 $2 (40.
Bxe3 f4 41. h4 Bxh4 42. Bxf4 Bxg3 43. Bxh6) 40... f4 41. Ne4 Kg6 42. Rd6+ Kh5 {
Hoping for ...Bf5.} 43. Nxg5 (43. Nf6+ {might work better.} Bxf6 44. Rxf6)
43... hxg5 {Black is clearly winning.} 44. c5 Re8 45. Kd1 Bg4+ {Weighted Error
Value: White=0.48/Black=0.13} 0-1

[Event "23rd ETCC Open 2021"]
[Site "Catez"]
[Date "2021.11.12"]
[Round "1.26"]
[White "Volokitin, Andrei"]
[Black "Pelletier, Yannick"]
[Result "1-0"]
[WhiteElo "2656"]
[BlackElo "2564"]
[Annotator "TA"]
[PlyCount "207"]
[EventDate "2021.11.08"]
[EventType "team-tourn"]
[EventCountry "SLO"]
[SourceTitle "playchess.com"]
[Source "ChessBase"]
[SourceQuality "1"]
[WhiteTeam "Ukraine"]
[BlackTeam "Switzerland"]
[WhiteTeamCountry "UKR"]
[BlackTeamCountry "SUI"]

{[%evp 9,207,18,18,18,18,16,18,18,18,17,29,27,35,0,0,0,0,0,0,0,0,0,0,0,0,0,0,0,
127,52,50,41,42,44,60,28,35,47,79,80,83,83,83,79,82,79,76,88,151,145,162,153,
154,133,156,145,203,184,166,86,120,57,63,17,19,0,8,8,8,8,8,13,17,8,8,8,22,20,
22,22,22,22,22,22,22,8,8,8,8,8,8,8,8,8,8,8,8,8,8,8,8,8,8,8,8,8,8,8,8,8,8,8,8,8,
33,8,45,8,8,8,8,8,8,8,8,8,8,8,8,8,64,8,64,8,64,8,71,8,8,8,8,8,8,8,8,8,8,8,8,8,
8,0,8,8,8,8,8,8,8,8,8,8,8,8,8,8,8,8,8,8,8,0,8,8,8,8,8,8,8,8,8,8,8,8,8,8,8,8,
29986,29987,29987,29988,29991,8,29992,29993,29993,29994,29994,29995]} 1. e4 c5
2. Nf3 Nc6 3. Bb5 g6 4. Bxc6 bxc6 5. d4 d6 6. O-O {B31: Sicilian: 2...Nc6 3
Bb5 g6.} cxd4 7. Qxd4 f6 8. c4 {The position is equal.} c5 9. Qd3 Bg7 10. Nc3
Nh6 {[#]} 11. Bd2 $5 $146 {[%mdl 8] An interesting novelty.} ({Predecessor:} 
11. Nh4 Rb8 12. b3 O-O 13. Re1 Nf7 14. f4 f5 15. exf5 gxf5 16. Bb2 e6 17. Nf3 {
1/2-1/2 (64) Kovalev,V (2687)-Praggnanandhaa,R (2539) Wijk aan Zee 2019}) 11...
Nf7 12. b3 O-O 13. Nh4 e6 14. f4 f5 15. Nf3 fxe4 16. Qxe4 d5 17. cxd5 exd5 18.
Nxd5 {And now Ne7+ would win.} Ba6 (18... Re8 $1 $11 {keeps the balance.} 19.
Nf6+ {[%mdl 64] Discovered Attack} Bxf6 20. Qxa8 Bxa1 21. Rxa1 Re2) 19. Rfe1 (
19. Ne7+ $1 $16 Kh8 20. Rfe1) 19... Re8 $1 $14 {[%cal Re8e4]} 20. Qxe8+ Qxe8
21. Rxe8+ Rxe8 22. Bc3 Bb7 $1 {[%cal Rb7d5]} 23. Bxg7 Bxd5 24. Bc3 Bxf3 25.
gxf3 $16 {[%mdl 4096] Endgame KRB-KRN} Re3 26. Rc1 Rxf3 27. Bd2 Rd3 28. Be1 Nd6
({Black should try} 28... Rd5) 29. Rxc5 Rd1 30. Kf1 Rd4 31. Bg3 $1 Rd2 32. Ra5
Rb2 (32... Nc8 $16 33. Bf2 Kf7) 33. Rxa7 $18 Ne4 34. Ke1 (34. Be1 $1 $18) 34...
h5 35. Ra8+ (35. f5 $16) 35... Kf7 $14 36. Ra6 Nc3 $1 37. Bf2 Nxa2 38. Bd4 Rxh2
39. Rf6+ Ke7 40. Rxg6 Nc1 41. f5 Nxb3 42. Be5 Rd2 43. Rb6 Rd5 44. f6+ Kf7 45.
Rb7+ Kg6 46. Rg7+ Kf5 47. Bc3 {Strongly threatening f7.} Nc5 $1 48. f7 Ne6 49.
Rg8 Rd7 50. f8=Q+ Nxf8 51. Rxf8+ $11 {KRB-KR} Ke4 52. Kf2 (52. Re8+ {looks
sharper.} Kd3 53. Bd2 h4 54. Re3+ Kc4 55. Rh3) 52... Rd5 53. Kg2 (53. Ke2 {
is more complex.} Rf5 54. Rd8 h4 55. Rd4+ Ke5 56. Rd2+) 53... Rg5+ 54. Kh3 Rf5
55. Re8+ Kd3 56. Be5 Rf3+ 57. Kh4 Rf5 58. Bd6 (58. Rd8+ {keeps more tension.}
Ke4 59. Bh2 Rf2 60. Bg3 Rf1 61. Rd2) 58... Rd5 59. Be7 (59. Be5 {looks sharper.
} Rb5 60. Bf4 Rb4 61. Re3+ Kd4 62. Ra3) 59... Re5 60. Rd8+ Kc4 61. Bg5 (61.
Rc8+ {is more complex.} Kd5 62. Bg5 Re1 63. Kh3 h4 64. Rc2) 61... Rd5 62. Re8
Kb5 63. Kxh5 Ka5 64. Kg4 Rd4+ 65. Bf4 Rd5 66. Be5 (66. Bc1 {with more
complications.} Ka4 67. Rc8 Kb4 68. Be3 Kb5 69. Kf4) 66... Ka4 67. Kf4 Rb5 68.
Ke4 Ka5 69. Kd4 Rb4+ (69... Ka4 $11) 70. Kd3 ({Better is} 70. Kc3 $14 Rb7 71.
Rg8) 70... Rb7 (70... Ka4 $11) 71. Bd4 (71. Kc4 $14) 71... Kb5 (71... Ka4 $11)
72. Rc8 ({White should play} 72. Kc3 $1 $14) 72... Rf7 (72... Ka4 $11) 73. Rc5+
(73. Rb8+ $1 $16 Kc6 74. Kc4) 73... Kb4 74. Rc6 Rb7 75. Ke4 (75. Rc8 {keeps
more tension.} Ka4 76. Ra8+ Kb3 77. Rg8 Kb4 78. Rg2) 75... Re7+ 76. Be5 Kb5 77.
Rc8 Rd7 78. Bf4 Kb4 79. Ke5 (79. Bc1 {with more complications.} Re7+ 80. Kd5
Rd7+ 81. Kc6 Rd3 82. Rb8+) 79... Rd3 80. Ke4 (80. Bc1 {is more complex.} Rd1
81. Be3 Rd7 82. Bc5+ Kc3 83. Bd6+) 80... Rd7 81. Be3 (81. Bc1 {looks sharper.}
Re7+ 82. Kd5 Rd7+ 83. Kc6 Rd3 84. Rb8+) 81... Kb5 82. Bc5 (82. Bg1 {seems
wilder.} Re7+ 83. Kd5 Rd7+ 84. Ke5 Re7+ 85. Kd6) 82... Kc4 83. Bd6+ Kb3 84. Rc6
(84. Kd5 {is more complex.} Rh7 85. Rb8+ Kc2 86. Kc6 Kc3 87. Re8) 84... Rb7 85.
Kd4 Ka4 86. Rc3 (86. Kc4 {seems wilder.} Rb4+ 87. Kd3 Rb2 88. Rc5 Rb3+ 89. Ke4)
86... Rb1 87. Kc5 (87. Bh2 {keeps more tension.} Kb4 88. Rc4+ Kb3 89. Kc5 Rh1
90. Be5) 87... Rb5+ 88. Kc6 {[%csl Gd6][%cal Rc3a3]} Rb6+ $1 89. Kc7 {
Intending Ra3+ and mate.} (89. Kd7 {with more complications.} Rb2 90. Kc8 Rb1
91. Rc5 Rb2 92. Be7) 89... Rb1 90. Kc6 {[%csl Gd6][%cal Rc3a3]} (90. Rd3 {
is more complex.} Ra1 91. Rd4+ Kb3 92. Rb4+ Ka2 93. Ra4+) 90... Rb6+ 91. Kd5
Rb1 92. Rd3 (92. Ra3+ {feels hotter.} Kb5 93. Rd3 Rb2 94. Rd4 Rb3 95. Be7)
92... Rb3 93. Rd1 Rb2 94. Bc5 (94. Kc6 {is interesting.} Rc2+ 95. Kd7 Rc4 96.
Ke8 Kb3 97. Rg1) 94... Kb3 95. Rd3+ Kc2 96. Kc4 Kb1 97. Rd1+ Ka2 98. Bb4 {
Bc3 would kill now.} Re2 $2 {[%mdl 8192] [#]} (98... Rb1 $11) 99. Bc3 $1 {
[%csl Gc3][%cal Rd1a1]} Ka3 100. Rd8 {[%cal Rd8a8]} Ka2 101. Ra8+ Kb1 {[#]}
102. Kd3 $1 {[%csl Gc3][%cal Ra8a1] White mates.} Ra2 103. Rb8+ Kc1 104. Re8 {
[%cal Re8e1] Weighted Error Value: White=0.07/Black=0.08} 1-0